000 00624nam a2200205Ii 4500
003 JO-AjNU
008 230605s9999||||xx |||||||||||||| ||und||
040 _aJO-AjNU
_bara
_erda
_cJO-AjNU
041 _aara
050 1 4 _aSF55 1983
100 3 _aعلي ، عاطف,
_eauthor
_910310
245 0 0 _aالثروة الحيوانية في لبنان
250 _aط1
264 3 1 _aبيروت:معهد الانماء العربي ، 1983
300 _a242ص
336 _atext
_btxt
_2rdacontent
337 _aunmediated
_bn
_2rdamedia
338 _avolume
_bnc
_2rdacarrier
650 4 _aالثروة الحيوانية
_910311
999 _aA1742
_c5310
_d5310